Statistics for Countries Bordering Senegal

Click here to take the quiz!

General Stats

  • This quiz has been taken 114 times
  • The average score is 5 of 5

Answer Stats

Country% Correct
Gambia
98%
Mauritania
94%
Guinea
93%
Mali
90%
Guinea-Bissau
89%

Score Distribution

Percentile by Number Answered

Percent of People with Each Score

Your Score History

You have not taken this quiz